00381nam a2200157Ia 4500008004100000020001700041082000800058100001800066245003800084250000600122260002900128300001400157500002400171650001200195700001600207230524s9999 xx 000 0 und d a978811289506 bZHA aHuaguang Zhan 0aFuzzy Modeling and Fuzzy Control  a1 aNew DelhibCengagec2008 a"X,413p;" aQuantity Number: 1 aComp-Sc a Derong Liu